| 000 | 00500nam a22001937a 4500 | ||
|---|---|---|---|
| 003 | OSt | ||
| 005 | 20140311162958.0 | ||
| 008 | 130304t xxu||||| |||| 00| 0 eng d | ||
| 020 | _a9780321774071 | ||
| 050 |
_aQA 76.76 D47 _b.L33 2011 |
||
| 100 |
_aH. S. Lahman _d |
||
| 245 |
_aModel-based development : _bapplications / _cLahman, H. S. |
||
| 260 |
_aBoston _bPearson Educ. Inc. _c2011 |
||
| 300 |
_a520 p. : _c24 cm. |
||
| 521 | _aIT | ||
| 562 | _e1 | ||
| 942 |
_2lcc _cBK _kFOR |
||
| 999 |
_c39118 _d39118 |
||